[Event "Budapest zt-A"]
[Site "Budapest"]
[Date "1993.??.??"]
[Round "4"]
[White "Ftacnik, Lubomir"]
[Black "Sax, Gyula"]
[Result "1-0"]
[WhiteElo "2535"]
[BlackElo "2570"]
[Annotator "Ftacnik,L"]
[PlyCount "137"]
[EventDate "1993.03.??"]
[EventType "tourn"]
[EventRounds "11"]
[EventCountry "HUN"]
[EventCategory "11"]
[SourceTitle "CBM 034"]
[Source "ChessBase"]
[SourceDate "1993.06.01"]
[SourceVersion "1"]
[SourceVersionDate "1993.06.01"]
[SourceQuality "1"]

1. d4 {Dautov Hansen,LB} Nf6 2. c4 e6 3. Nf3 b6 4. g3 Ba6 5. b3 Bb4+ 6. Bd2 Be7
7. Bg2 c6 8. O-O d5 9. Ne5 Nfd7 10. Nxd7 Nxd7 (10... Qxd7 $5 {Hansen,LB} 11.
Bc3 dxc4 12. d5 cxd5 13. Bxg7 Rg8 14. Bb2 $13 {Chernin-Huss,San Bernardino 1991
}) 11. Bc3 O-O 12. Nd2 Rc8 (12... f5 {Hansen,LB} 13. b4 Nf6 14. c5 Ne4 15. Nxe4
fxe4 16. f3 exf3 17. Rxf3 e5 18. Rxf8+ Qxf8 19. cxb6 axb6 20. dxe5 Rd8 21. Qd4
Bxe2 22. Qxb6 c5 23. Re1 Bc4 24. Qe6+ Kh8 25. b5 $16 {Zueger-Summermatter,
SWZ-GP Suhr 1991}) 13. e4 c5 14. exd5 exd5 15. dxc5 dxc4 16. c6 cxb3 17. Re1
Bb5 18. axb3 a5 (18... Bxc6 {Hansen,LB} 19. Bxc6 Rxc6 20. Rxa7 Bf6 21. Nc4 $1
$14 {Karpov-Beliavsky,Linares 1993}) 19. Rc1 $1 (19. Qg4 $6 Bf6 $1 $17) (19.
Bxg7 Kxg7 20. cxd7 (20. Qg4+ {Hansen,LB} Kh8 (20... Bg5 $5 21. Nf3 $1 (21. Ne4
Ne5 $5) (21. cxd7 Bxd7 22. Qe2 Rc2 $132) (21. h4 h5 $5 22. Qxg5+ Qxg5 23. hxg5
Bxc6 $10) 21... Rxc6 (21... h5 $6 22. Qxd7 $16) (21... h6 $6 22. Nxg5 hxg5 (
22... Qxg5 23. Qxd7 $16) 23. cxd7 Bxd7 24. Qd4+ $16) 22. Nxg5 Rg6 23. h4 h6 24.
Qd4+ Qf6 (24... Nf6 $6 25. Qe5 $1 $16) 25. Qxf6+ Rxf6 (25... Nxf6 26. Nf3 $16 {
/\Nd4;Ne5}) 26. Ne4 $14 {_|_}) 21. cxd7 Bxd7 (21... Rc7 22. Nf3 $1 $14 Qxd7 23.
Qf4 Qd6 24. Ne5 f6 $2 25. Ng6+ $1 hxg6 26. Qh6+ Kg8 27. Qxg6+ Kh8 28. Rad1 $1
Qc5 29. Qh6+ Kg8 30. Bd5+ $18) 22. Qe4 $1 Bb4 $1 {/\Qf6} (22... Re8 $6 23. Rad1
Bg5 24. Qd4+ Bf6 25. Qf4 Rxe1+ (25... Bg5 26. Qxf7 $1) 26. Rxe1 Bg5 27. Qxf7 $1
Bxd2 28. Re8+ $3 Qxe8 29. Qf6+ Kg8 30. Bd5+ $18) 23. Qf4 $1 (23. Qd4+ $6 f6 24.
Rad1 Be8 $1 $13) 23... f6 24. Red1 $14 {/\Ne4;Nc4 |^}) 20... Bxd7 $132) 19...
Nc5 $5 $146 (19... Bf6 20. Nc4 $1 $16) (19... Bxc6 20. Bxg7 Kxg7 21. Rxc6 Rxc6
22. Bxc6 Nf6 23. Qc1 $1 Bc5 24. Kg2 $1 Qd4 $1 25. Re2 $14 {Gelfand,B-Van der
Wiel,J/Wijk aan Zee/1992/} (25. Re2 {Dautov} Rc8 {Gelfand,B-van der Wiel,J Wijk
} 26. Be4 h6 27. Nf3 Qd7 28. Nh4 $40)) 20. Qg4 $1 Bf6 (20... g6 21. Rcd1 $1 (
21. Nc4 $5 {Hansen,LB} f5 (21... Bxc6 $2 22. Rcd1 Bd7 23. Qd4 f6 24. Nxb6 Qxb6
25. Rxe7 $18) (21... Nd3 {Dautov} 22. Rxe7 $5 Nxc1 23. Rd7 Qe8 24. Nd6 $16) 22.
Qe2 Bf6 23. Rcd1 Qc7 (23... Bxc3 $6 24. Rxd8 Rfxd8 25. Rd1 $16) 24. Bxf6 Rxf6
25. Qb2 $16) 21... f5 $1 (21... Bxc6 $2 22. Nc4) (21... Nd3 22. Nc4 Bc5 23. Re2
$16) 22. Rxe7 $3 (22. Qf4 Bg5 23. Qe5 Bf6 24. Qd5+ Qxd5 25. Bxd5+ Kh8 $13 {
Van der Wiel,J}) 22... Qxe7 (22... fxg4 23. Rg7+ Kh8 24. Rxg6+ $18) (22... Rf7
23. Re8+ $1 Qxe8 24. Qd4 Kf8 25. Qh8+ Ke7 26. Re1+ Ne6 27. Rxe6+ Kxe6 28. Qe5#)
23. Bd5+ Ne6 24. Qd4 Rxc6 25. Qh8+ Kf7 26. Qxh7+ Ke8 27. Qxg6+ Qf7 28. Qxf7+
Kxf7 29. Bxc6 Bxc6 30. Nc4 $16) (20... f6 21. Rcd1 $1 Qc7 (21... Nd3 22. Nc4
Bc5 23. Re2 $16) 22. Nc4 Rce8 (22... Rcd8 23. Nxb6 $1 $16) 23. Ne3 $1 $16 (23.
Ne5 $2 fxe5 24. Bxe5 Bd6 $1)) 21. Bxf6 Qxf6 22. Ne4 $1 Qd4 $5 (22... Nxe4 23.
Qxe4 $16 {/\} Rc7 24. Qe5 (24. Qe3 $1 $18 {Hansen,LB})) 23. Red1 Bd3 (23... Nd3
24. Qf5 Nxc1 (24... Bxc6 25. Ng5 (25. Rxd3 Bxe4 $3 26. Bxe4 Rxc1+ 27. Kg2 g6)
25... g6 26. Qxd3 $18) (24... Ba6 25. Rc3 (25. Bf1 {Hansen,LB} Rce8 (25... Rfe8
26. Ng5) (25... Rfd8 26. Ng5) (25... g6 26. Qf3 Rfd8 (26... Ne5 $2 27. Qf4 $18)
27. c7 Rxc7 $5 28. Rxc7 Ne5 29. Qxf7+ $1 Nxf7 30. Rxd4 Rxd4 31. Bxa6 Rxe4 32.
Bc4 $18) 26. Bxd3 Bxd3 27. Rxd3 $1 Qxe4 28. Qxe4 Rxe4 29. c7 Ree8 30. Rd5 $18 {
/\Rb5+-})) (24... Qb4 25. Nf6+ $1 gxf6 26. Be4 Rfd8 (26... Rfe8 27. Qxh7+ Kf8
28. Bxd3 Rxc6 29. Qh6+ Ke7 30. Re1+ $18) 27. Qxh7+ Kf8 28. Bxd3 Bxc6 29. Bc4
$18) 25. Rxd4 Ne2+ 26. Kh1 Nxd4 27. Nf6+ $1 (27. Qe5 Rxc6 $132) (27. Qd5 {
Dautov} Rxc6 $1) 27... gxf6 28. Qg4+ Kh8 29. Qxd4 Rxc6 $8 (29... Kg7 30. Qg4+
Kh8 31. Qf5 $18) 30. Bxc6 Bxc6+ 31. Kg1 Kg7 32. Qxb6 $16) 24. Rxc5 $1 $8 (24.
Rc4 Qb2 25. Nxc5 (25. Rxc5 Bxe4 26. Rcc1 Bxg2 27. Kxg2 Qxb3 $10) 25... Bxc4 (
25... Be2 $2 26. Qd4) 26. Nd7 (26. Qxc4 {Dautov} bxc5 $10) 26... Bxb3 $13)
24... bxc5 25. Qd7 Rfd8 (25... Rxc6 $5 26. Qxd4 $1 (26. Qxc6 Bxe4 27. Rxd4 Bxc6
28. Rc4 $10) (26. Rxd3 Qxd7 27. Rxd7 c4 28. bxc4 (28. Nd2 c3 $1 29. Bxc6 c2 $19
) 28... Rxc4 $14) 26... cxd4 27. Rxd3 $16) 26. Qxd4 cxd4 (26... Rxd4 27. Nxc5
Rcd8 28. c7 Rc8 29. Rxd3 Rxd3 30. Nxd3 Rxc7 31. Bd5 $16) 27. Rxd3 Rxc6 28. Bf1
Kf8 (28... Rb6 29. Be2 (29. Rf3 {Dautov} Rb4 30. Bc4 Rd7 31. Nc5 Re7 32. Rd3
$16) 29... Rdb8 30. Bd1) (28... Rc1 29. Kg2 h6 (29... Ra1 {Dautov} 30. Rf3 a4
31. Bc4 a3 32. Rxf7 Kh8 33. Ra7 $16) 30. Be2 $14) (28... h6 {Hansen,LB} 29. Rd1
(29. Nd2 $6 Rc3 30. Nc4 Rd5 $10) 29... Rb8 $1 30. Nd2 $1 {/\Bc4,Nf3} (30. Bc4
a4 $1 31. Bd5 Ra6 32. bxa4 Rxa4 $10) 30... Rb4 31. Nf3 (31. Bc4 a4) 31... Rxb3
(31... Rd6 32. Ne5 Rxb3 33. Nxf7 $1 $16) 32. Nxd4 Rd6 33. Nxb3 Rxd1 34. Nxa5
$14) (28... f5 {Dautov} 29. Ng5 Rc3 30. Nf3 $16) 29. Ng5 $5 (29. Rf3 $5 {Dautov
}) 29... Ke7 (29... Rc3 $1 30. Nf3 $14 (30. Nxh7+ $6 Ke7 31. Ng5 Rxd3 32. Bxd3
Rc8 33. Ne4 f5 $1 34. Nd2 Rc1+ 35. Bf1 d3 $132)) 30. Rd1 h6 (30... Rc3 31. Bc4
a4 32. Re1+ Kf8 33. Bxf7 axb3 34. Bxb3 $1 (34. Ne6+ Kxf7 35. Nxd8+ Kf6 36. Re6+
Kf5 $13) 34... Rxb3 35. Ne6+ Ke7 36. Nxd4+ $18) 31. Nf3 Rc3 (31... Rcd6 32. Ne5
$16 (32. Bc4 $16 {Hansen,LB})) (31... d3 $1 {Dautov} 32. Nd2 (32. Bxd3 Rc3 33.
Ne5 Kf6 34. Ng4+ Ke7 35. Ne5 Kf6 $10) 32... Rc3 33. Kg2 a4 34. bxa4 Ra3 35. Nc4
Rxa4 36. Ne5 Kf8 37. Nxd3 $14) 32. Nxd4 Kf6 (32... Rxb3 $4 {Hansen,LB} 33. Nc6+
$18) 33. Rd2 (33. Be2 Rc5 34. Bf3 a4 35. bxa4 Rc4 36. Nc2 Rxd1+ 37. Bxd1 Rxa4)
33... Rd6 (33... Rc5 34. Nf3 $16) 34. Kg2 Rd5 35. Bc4 (35. Nf3 $5) 35... Rd8
36. Ne2 (36. Nf3 Rxd2 37. Nxd2 Rc2 38. Ne4+ Ke7 39. Nc5 $16) 36... Rxd2 (36...
Rxg3+ $2 37. Nxg3 Rxd2 38. Ne4+ $18) 37. Nxc3 Ke7 (37... Rc2 38. Nd5+ Ke5 39.
Ne3 $18) 38. Kf3 (38. h4 $142 $5 h5 $140 39. Nd5+ Kf8 40. Nf4 g6 41. Nd3 $18)
38... f6 39. Nd5+ $6 (39. h4 h5 40. Nd5+ Kd6 41. Nf4 (41. Nf4 {Dautov} Kc5 42.
Bg8 $18)) 39... Kd6 40. Ne3 Kc5 $1 (40... Ke5 41. h4 h5 42. Bf7 $18) 41. h4 (
41. Nf5 $2 a4 $1) 41... h5 (41... Kb4 42. h5 a4 43. bxa4 Kxa4 44. Nf5 Rd7 45.
Ke4 $18) 42. Bf7 Rd7 43. Be8 (43. Bxh5 Rb7 44. Ke4 Rxb3 $13) 43... Rb7 (43...
Rd3 44. Ba4 Kd4 45. Kf4 $16) 44. Ba4 g5 $5 (44... Kb4 45. Nc4 $16 (45. Nd5+ Ka3
46. Nf4 Rxb3+ 47. Bxb3 Kxb3 48. Ke2 a4 49. Kd3 a3 50. Ne2 Kb2 51. Nc3 g6 $13))
(44... g6 $5 {Hansen,LB} 45. Ng2 g5) 45. hxg5 (45. Ke4 gxh4 46. gxh4 Rb4+ 47.
Nc4 (47. Kf5 Rxh4) 47... Rxa4 48. bxa4 Kxc4 49. Kf5 Kb4 50. Kxf6 Kxa4 51. f4
Kb3 $10) 45... fxg5 46. Nc4 Rf7+ (46... Kb4 47. Ne5 Kc3 48. Nc6 $18) 47. Kg2
Kb4 48. Ne5 Rf5 49. f4 $1 gxf4 50. gxf4 (50. Nd3+ Kc3 51. Nxf4 h4 52. Ne2+ Kd3)
50... Kc3 51. Kf3 (51. Kg3 Rf8 (51... Kd4 52. Bd7 Rf6 53. Nf3+ Ke3 54. Nh4 $16)
52. Nf3 Rg8+ 53. Ng5 Kd4 $14) 51... Rf8 (51... Kd4 52. Bd7 Rf8 53. Nc6+ Kc5 54.
Nxa5 Kb4 55. Nc6+ Kxb3 56. f5 $18) 52. Ke3 $5 (52. Ke4 h4 53. f5 (53. Ng6 h3 $1
54. Nxf8 h2) 53... h3 54. Nf3 Rh8 55. Nh2 Rg8 56. f6 Rg6 $1 (56... Rg2 57. f7
Rf2 58. Nf3) 57. Ke5 Rg2 58. f7 Rf2 59. Ke6 Re2+ 60. Kd7 Rf2) 52... Rf6 $1 (
52... h4 53. Ng6 h3 54. Nxf8 h2 55. Bc6 $18) 53. Ke4 (53. Nc6 h4 54. Nxa5 h3)
53... h4 54. f5 h3 55. Ng4 Rh6 (55... Rf8 56. Kf4 (56. Ke5 Rg8 57. f6 Rxg4 58.
f7 Rg5+ 59. Ke6 Rg6+ $10) 56... Kb4 57. Nh2 Rg8 58. f6 Rg6 59. Ke5 Rg2 $10) 56.
Nh2 (56. Nxh6 h2) 56... Rd6 57. Kf4 Rd2 (57... Rf6 {Hansen,LB} 58. Ke5 $18) 58.
Kg3 Rg2+ $2 (58... Rd3+ $1 59. Kg4 Rd4+ (59... Kb4 $5 {Hansen,LB /\Kc5-d6} 60.
f6 Rd6 61. Kg5 Rd2 (61... Rd5+ 62. Kg6) 62. Ng4 $1 h2 63. Bc6 $1 Kxb3 64. f7
Rd8 65. Nxh2 {/\Be8} Rf8 $8 66. Bd5+ Kb2 67. Ng4 a4 68. Ne5 a3 69. Nd3+ Kc3 70.
Nc1 $18) 60. Kxh3 Rf4 61. Bd7 Kxb3 62. Kg3 Rxf5 63. Bxf5 a4 64. Nf3 a3 65. Nd2+
Kb2 66. Nc4+ Kb3 67. Be6 a2 $10) (58... Rd5 $2 59. f6 (59. Nf3 $18 {Hansen,LB})
59... Rf5 60. Ng4 $18) 59. Kxh3 Rf2 60. Bd7 Kxb3 61. Ng4 Rf1 (61... Rxf5 62.
Bxf5 a4 63. Be6+ Kb2 64. Ne3 a3 65. Nc4+ Kb3 66. Nb6+ Kb2 67. Na4+ Kb1 68. Nc3+
$18) (61... Rd2 62. Be6+ Kb4 $1 (62... Kb2 63. Ne5 $1 Kc3 64. f6 Rf2 65. f7 a4
66. Kg3 Rf6 67. Ng4 Rxf7 68. Bxf7 a3 69. Ne5 Kb2 70. Nd3+ Kc2 71. Nb4+ $18) (
62... Kc3 63. f6 Rd8 64. f7 a4 65. Ne5 a3 66. Nc6 Ra8 67. Kg3) 63. f6 (63. Ne5
Kc5 64. Ng6 (64. f6 Kd6 65. f7 Rf2 66. Kg3 Rxf7 $10) 64... Kd6) 63... Rd8 64.
f7 Kc5 65. Kh4 Kd6 66. Ba2 Ke7 67. Kg5 (67. Ne5 Kf8 68. Ng6+ Kg7) 67... Rd2 68.
Kg6 $1 Rg2 (68... Rxa2 69. Kg7 $18) (68... Kf8 69. Ne5 Rf2 70. Be6 Ke7 (70...
a4 71. Bf5 Rxf5 72. Kxf5 Kg7 73. Ke6 a3 74. Ke7 $18) 71. Bf5 a4 (71... Rg2+ 72.
Ng4 Kf8 73. Kf6 a4 74. Ne5 $18) 72. Nc6+ Kf8 73. Nd4 $1 Ke7 (73... Rxf5 74.
Nxf5 a3 75. Nd4 a2 76. Ne6+) 74. Kg7 Rg2+ 75. Bg6 Rf2 76. Nf5+) 69. Be6 Rg1 (
69... Rg3 70. Kg7 Rf3 71. Ne5 Rf2 72. Ba2 a4 73. Ng6+ $18) 70. Kg7 Rf1 71. Bc4
Rf5 72. Ne5 Kd6 73. Ng6 Kc5 74. Be6 Rf2 75. f8=Q+ Rxf8 76. Nxf8 a4 77. Nd7+ Kb4
78. Ne5 a3 79. Nd3+ Kc3 80. Nc1 $18) 62. Kg2 Rd1 63. Be6+ Kc3 (63... Kb2 64.
Ne3 Rd2+ 65. Kf3 $18) 64. f6 Rd8 65. Ne5 a4 66. f7 a3 67. Nc6 Ra8 68. Kg3 Kb2
69. Nb4 {Ftacnik} (69. Nb4 Kc3 70. Na2+ Kd4 71. Kf4 Kc5 72. Ke5 Rb8 73. Kf6 Kd6
74. Bc4 Ra8 75. Kg7 Ke7 76. Nc3 $18) 1-0

[Event "Interzonal-14c"]
[Site "Zagreb"]
[Date "1987.??.??"]
[Round "8"]
[White "Barlov, Dragan"]
[Black "Polugaevsky, Lev"]
[Result "1-0"]
[WhiteElo "2555"]
[BlackElo "2595"]
[Annotator "Ftacnik,L"]
[PlyCount "77"]
[EventDate "1987.08.01"]
[EventType "tourn"]
[EventRounds "17"]
[EventCountry "YUG"]
[EventCategory "12"]
[SourceTitle "CBM 004"]
[Source "ChessBase"]
[SourceDate "1988.06.01"]
[SourceVersion "1"]
[SourceVersionDate "1988.06.01"]
[SourceQuality "1"]

1. d4 Nf6 2. c4 e6 3. Nf3 b6 4. g3 Ba6 5. Qb3 Nc6 $5 (5... d5) 6. Nbd2 Na5 7.
Qa4 $5 Bb7 (7... c5 $2 8. e4 cxd4 9. b4 $18) 8. Bg2 c5 9. O-O Be7 $5 (9... Bc6)
10. Re1 cxd4 11. Nxd4 Bxg2 12. Kxg2 Qc7 13. e4 O-O 14. e5 (14. Qc2 Rac8 15. b3
d6 16. Bb2 Rfd8 $10) 14... Ng4 (14... Ne8) 15. N2f3 Qxc4 $2 (15... f6 $1 $8 16.
Bf4 (16. exf6 Bxf6 17. c5 $8 Qxc5 18. Qxd7 Rae8 $17) 16... Qb7 17. Kg1 $13) 16.
Qxd7 $18 Rfe8 (16... Bb4 17. Re4 $18) (16... Bc5 17. Bg5 $1 h6 18. b3 Qd3 19.
Rad1 Qg6 20. Be7 $18) 17. h3 Nh6 18. Bxh6 gxh6 19. Rec1 Qd3 20. Rc3 Qg6 21. Qa4
$1 {/\ b4, Rc7} Bc5 22. b4 (22. Rxc5 bxc5 23. Nb5 $16) 22... Bxd4 23. Nxd4 Qe4+
24. Nf3 Nc4 25. Re1 Qd5 (25... Qb7 26. Rxc4 b5 27. Rg4+ $18) 26. Qc2 $1 (26.
Rd1 Nb2 27. Qxe8+ Rxe8 28. Rxd5 exd5 $16) 26... b5 27. Qc1 Kg7 28. Rd1 Qb7 29.
Qf4 Qe7 30. Rcd3 Nb6 (30... Rad8 31. Qf6+ $18) 31. Rd6 $1 Rac8 (31... Nd5 32.
R1xd5 exd5 33. Qxh6+ Kh8 34. Ng5 $18) 32. Qg4+ Kh8 33. Qh5 Kg7 34. R1d4 Rc4 35.
Nd2 Qb7+ 36. Kh2 Rxd4 37. Rxd4 Rg8 38. Ne4 Nd5 39. Nd6 1-0

[Event "EU-chT (Men) 16th"]
[Site "Heraklion"]
[Date "2007.10.30"]
[Round "3.1"]
[White "Beliavsky, Alexander G"]
[Black "Almasi, Zoltan"]
[Result "1-0"]
[WhiteElo "2646"]
[BlackElo "2691"]
[Annotator "Ftacnik,L"]
[PlyCount "67"]
[EventDate "2007.10.28"]
[EventType "team-swiss"]
[EventRounds "9"]
[EventCountry "GRE"]
[SourceTitle "CBM 121"]
[Source "ChessBase"]
[SourceDate "2007.11.14"]
[SourceVersion "1"]
[SourceVersionDate "2007.11.14"]
[SourceQuality "1"]
[WhiteTeam "Slovenia"]
[BlackTeam "Hungary"]
[WhiteTeamCountry "SLO"]
[BlackTeamCountry "HUN"]

1. d4 Nf6 2. c4 e6 3. Nf3 b6 4. g3 Ba6 5. Qc2 Bb7 6. Bg2 c5 7. d5 exd5 8. cxd5
Nxd5 9. O-O Be7 10. Rd1 Qc8 11. Nh4 {The line with early pawn sacrifice 7.d5
is still developing rapidly, even though only the best players are finding
courage to defend the honour of white or black pieces.} Bxh4 12. Rxd5 Be7 13.
Nc3 Nc6 14. Qe4 O-O 15. Rh5 g6 16. Rh3 Bf6 {The very first new move in the
game. By the way what is white rook doing on h3!?} (16... f5 17. Qe3 Rf7 18.
Bd5 $16 {1/2 Nisipeanu,L (2690)-Baklan,V (2622)/Germany 2007}) 17. Nd5 Qd8 (
17... Bd4 18. Qh4 h5 19. Bh6 Re8 20. Nf6+ Kh8 21. Nxh5 $18) 18. Bh6 (18. Nxf6+
Qxf6 19. Qf4 Qxf4 20. Bxf4 Rfe8 $15) 18... Bxb2 19. Rd1 (19. Bxf8 Bxa1 20. Be7
Qe8 21. Qh4 Nxe7 22. Nxe7+ Kf8 23. Bxb7 Rb8 24. Bd5 Qxe7 25. Qxh7 Bg7 $15)
19... Re8 20. Qg4 Re6 {Even though white is burning the bridges on the
queenisde his threats against the black king may become dangerous.} (20... Nd4
$1 21. Bg5 Nxe2+ 22. Kh1 h5 23. Qh4 Qb8 24. Bf6 Bd4 25. Qg5 Re6 26. Rxh5 Bxf6
27. Nxf6+ Rxf6 28. Qxf6 Bxg2+ 29. Kxg2 Qb7+ 30. f3 (30. Rhd5 Re8 $15) 30...
gxh5 31. Qg5+ Kf8 32. Qh6+ $11) 21. Bg5 h5 (21... Qb8 22. Qh4 h5 23. g4 (23.
Bf6 Nd4) 23... Nd4 24. e4 Bxd5 25. exd5 Qd6 26. gxh5 Nf5 27. Qg4 Ree8 $13) 22.
Qh4 f6 (22... Qb8 $5) 23. Be3 f5 $2 {[%mdl 256] I feel that this move goes too
far, even though it took another mistake to turn it into a disaster.} (23...
Rd6 24. Qc4 Kg7 25. Qf4 Kf7 26. g4 Be5 $13) 24. Bg5 Qb8 25. Bf6 Be5 $2 {
Almasi was already forced to find the best defense with exchange sacrifice,
since white rook would sleep on h3.} (25... Nd4 $1 26. e3 Bxd5 27. Bxd5 Nf3+
28. Bxf3 Bxf6 29. Qc4 Qe8 30. Bxa8 Qxa8 31. Rxd7 Qc6 $13) 26. Qg5 Kf7 (26...
Qe8 27. Bxe5 Nxe5 28. Nc7 Qc8 29. Bxb7 Qxb7 30. Nxe6 dxe6 31. f4 $18) 27. Rxh5
$1 {Scandal! Was it not imperative to prevent moves like this from happening?}
Qg8 (27... Bxf6 28. Rh7+ Bg7 29. Nf4 Nd4 30. Qh6 Qg8 31. Bxb7 Qxh7 32. Qxh7 Rh8
33. Nxe6 Rxh7 34. Ng5+ Kg8 35. Nxh7 Nxe2+ 36. Kf1 Nc3 37. Rxd7 Kxh7 38. Bc6 $16
) (27... Rxf6 28. Rh7+ Ke6 29. Nf4+ Bxf4 30. Bd5+ Kd6 31. Qxf6+ Kc7 32. Rxd7+
Kxd7 33. Bxc6+ $18) (27... gxh5 28. Qg7+ Ke8 29. Qg8#) 28. Rh6 Rc8 (28... Bxf6
29. Nxf6 Rxf6 30. Rxd7+ Ke6 31. Rxb7 $18) 29. Bxe5 Nxe5 (29... Rxe5 30. Qf6+
Ke8 31. Rh8 $18) 30. Qh4 (30. Nf6 Rxf6 31. Bxb7 Kg7 32. Bxc8 Qxc8 33. Qh4 Qg8
34. f4 Nf7 35. Rxd7 c4 36. g4 fxg4 37. e4 Rxf4 38. e5 $18) 30... Kg7 31. Nf4 {
The final part of the game is truly anticlimatic. All white pieces have
managed to use their potential and black position has fallen appart.} Bxg2 32.
Nxe6+ dxe6 33. Kxg2 Rf8 (33... c4 34. f4 Nf7 35. Rd7 Rf8 36. Qg5 $18) (33...
Re8 34. f4 Nc6 35. Rd7+ Re7 36. Rd6 Rc7 37. e4 fxe4 38. f5 $18) 34. f4 (34. f4
Nf7 35. Rd7 c4 36. Qg5 $18) 1-0

[Event "Interzonal-14c"]
[Site "Zagreb"]
[Date "1987.??.??"]
[Round "6"]
[White "Barlov, Dragan"]
[Black "Baragar, Fletcher"]
[Result "1-0"]
[WhiteElo "2555"]
[BlackElo "2320"]
[Annotator "Ftacnik,L"]
[PlyCount "61"]
[EventDate "1987.08.01"]
[EventType "tourn"]
[EventRounds "17"]
[EventCountry "YUG"]
[EventCategory "12"]
[SourceTitle "CBM 004"]
[Source "ChessBase"]
[SourceDate "1988.06.01"]
[SourceVersion "1"]
[SourceVersionDate "1988.06.01"]
[SourceQuality "1"]

1. d4 Nf6 2. c4 e6 3. Nf3 b6 4. g3 Ba6 5. Qb3 Bb7 6. Bg2 Qc8 7. Nc3 Nc6 8. O-O
(8. Qd1 Bb4 9. O-O (9. Bd2 Nxd4) 9... Bxc3 10. bxc3 Na5 11. Qd3 c5 $10 {
Eingorn,V}) 8... Na5 9. Qc2 Nxc4 10. Bg5 Be7 11. e4 h6 (11... O-O $2 12. e5 $18
) 12. Bxf6 Bxf6 13. Qa4 $1 $14 Na5 (13... Nxb2 $2 14. Qb5 $18) 14. b4 Nc6 (
14... Nc4 15. Qb3) 15. e5 Bd8 (15... Be7 16. d5 exd5 17. Nxd5 O-O $2 18. Qxc6
$18) (15... Nxd4 16. Nxd4 Bxe5 17. Bxb7 Qxb7 18. Rad1 $16) 16. d5 exd5 17. Nxd5
O-O 18. Rac1 $16 Ne7 $2 (18... a6 19. Qb3 Re8 20. Rfe1 Ne7 21. Nf6+ $18) 19.
Rxc7 $1 $18 Bxd5 20. Rxc8 Rxc8 21. Nd4 (21. Qxd7 Bxa2 22. Qxa7 $18 {Barlov,D})
21... Be6 22. Rd1 a5 23. a3 Rc3 24. Be4 Bc7 25. Nxe6 dxe6 26. Qd7 axb4 27. Qxe7
bxa3 28. Bh7+ Kxh7 29. Qxf8 Bxe5 30. Qxf7 a2 31. Qxe6 1-0

[Event "Groningen"]
[Site "Groningen"]
[Date "1992.??.??"]
[Round "3"]
[White "Christiansen, Larry Mark"]
[Black "Gurevich, Mikhail"]
[Result "1/2-1/2"]
[WhiteElo "2625"]
[BlackElo "2625"]
[Annotator "Ftacnik,L"]
[PlyCount "47"]
[EventDate "1992.12.??"]
[EventType "tourn"]
[EventRounds "9"]
[EventCountry "NED"]
[EventCategory "14"]
[SourceTitle "CBM 034"]
[Source "ChessBase"]
[SourceDate "1993.06.01"]
[SourceVersion "1"]
[SourceVersionDate "1993.06.01"]
[SourceQuality "1"]

1. d4 {Gurevich,M} Nf6 2. c4 e6 3. Nf3 b6 4. g3 Ba6 5. Qa4 Bb7 6. Bg2 c5 7. O-O
cxd4 8. Nxd4 Bxg2 9. Kxg2 Qc7 10. Nc3 Be7 11. Rd1 O-O 12. Bf4 Qb7+ 13. f3 a6
14. Rd2 d6 $6 (14... Rc8 $5 15. Rad1 Nc6 16. Nxc6 (16. Nc2 b5 $132) 16... Qxc6
17. Qxc6 Rxc6 18. b3 b5 $132) 15. Nc2 Rd8 16. Rad1 b5 $5 (16... Ne8 $5 17. Bxd6
$5 b5 $1 (17... Bxd6 18. Ne4 b5 19. Qb3 $16 (19. Nxd6 $16 {Gurevich,M})) (17...
Nxd6 18. Ne4 b5 19. Nxd6 Bxd6 20. Rxd6 $16) 18. cxb5 Nxd6 (18... axb5 19. Qxb5
Qxb5 20. Nxb5 $16) 19. Ne4 axb5 20. Nxd6 Rxa4 $1 21. Nxb7 Rxd2 22. Rxd2 Rxa2
$132) 17. cxb5 d5 18. Nd4 Rc8 (18... Nbd7 19. Nc6 $16) 19. Bxb8 (19. Qc2 Nbd7 (
19... Bb4 $5) (19... Bb4 $5 {Gurevich,M}) 20. Nc6 Bf8 21. a4 axb5 22. axb5 $13)
19... Rcxb8 20. Qc2 Rc8 21. Qd3 (21. a4 Bb4 22. Qb3 Rc4 $132) (21. a3 axb5 22.
Ndxb5 Nd7 {/\ Nd7-b6-c4}) 21... Bb4 (21... Nd7 $5 {/\ Bf6, Ne5}) (21... Nd7 $5
{Gurevich,M /\ 22...Bf6; /\ 22...Ne5<=>}) 22. Rc2 Bxc3 23. bxc3 (23. Rxc3 Rxc3
24. Qxc3 axb5 25. a3 Rc8 26. Qb4 Rc4 27. Qxb5 Qxb5 28. Nxb5 Rc2 $132) 23...
axb5 24. Qxb5 $13 1/2-1/2

[Event "Munich SKA"]
[Site "Munich"]
[Date "1991.05.04"]
[Round "1"]
[White "Beliavsky, Alexander G"]
[Black "Lobron, Eric"]
[Result "1-0"]
[WhiteElo "2640"]
[BlackElo "2545"]
[Annotator "Ftacnik,L"]
[PlyCount "85"]
[EventDate "1991.05.04"]
[EventType "tourn"]
[EventRounds "13"]
[EventCountry "GER"]
[EventCategory "14"]
[SourceTitle "CBM 023"]
[Source "ChessBase"]
[SourceDate "1991.08.01"]
[SourceVersion "1"]
[SourceVersionDate "1991.08.01"]
[SourceQuality "1"]

1. d4 {Schussler} Nf6 2. c4 e6 3. Nf3 b6 4. g3 Ba6 5. b3 Bb4+ 6. Bd2 Be7 7. Bg2
c6 8. Bc3 d5 9. Ne5 Nfd7 10. Nxd7 Nxd7 11. Nd2 O-O 12. O-O Rc8 (12... b5 $5 13.
Re1 bxc4 14. bxc4 Nb6 {Timman,J-Huebner/Sarajevo cm-7/1991/}) 13. e4 c5 $5 (
13... dxe4 14. Bxe4 b5 {Ftacnik,L-Adorjan,A/Szirak/1986/}) (13... dxc4 14. bxc4
b5 {Kasparov,G-Karpov,A/Moskva m-21/1984/}) (13... b5 14. Re1 dxe4 15. Bxe4 c5
{Chernin,A-Timman,J/Amsterdam/1987/}) 14. exd5 exd5 15. dxc5 dxc4 16. c6 cxb3 (
16... Nb8 $5) 17. Nc4 (17. Re1 {Schussler} Bb5 18. axb3 Bxc6 19. Bxc6 Rxc6 20.
Rxa7 Bf6 $10 {Novikov-Stempin, Polanica 1989}) 17... b2 $5 (17... Bxc4 18. Qg4
Bf6 19. Qxc4 (19. cxd7 $6 Bxc3) 19... Ne5 (19... b2 {Schussler} 20. Rad1 Bxc3
21. Qxc3 Qf6 $14 {Polugajevskij}) 20. Bxe5 Bxe5 21. Rad1 $16) 18. Bxb2 Bxc4 19.
cxd7 $1 {N} (19. Qg4 Bf6 20. Bxf6 Qxf6 $1 21. Qxc4 (21. cxd7 Rc7 22. Rfd1 Be6
$17) 21... Ne5 22. Qa6 Nf3+ 23. Bxf3 Qxf3 24. Qxa7 Rxc6 $10 {Karpov,
A-Polugajevsky,L/Haninge/1990/}) 19... Rc7 20. Be5 $1 Rc5 21. Re1 Be6 22. Qd4
Rxe5 $2 (22... f6 $2 23. Bd6 Bxd6 24. Qxd6 Bxd7 25. Rad1 Rc7 26. Re7 $18) (
22... Qxd7 23. Qxd7 Bxd7 24. Bxg7 Re8 $14 (24... Kxg7 25. Rxe7 $16)) 23. Rxe5
Bf6 24. Rd1 Qc7 (24... Bxd7 25. f4 $1 $16) 25. Qd6 $1 Bxe5 26. Qxf8+ $1 (26.
d8=Q $2 Bxd6) 26... Kxf8 27. d8=Q+ Qxd8 28. Rxd8+ Ke7 29. Rd2 (29. Ra8 a5 30.
a3 $16) 29... b5 30. Bd5 $1 a5 31. Bxe6 Kxe6 32. f4 Bc3 33. Rd3 b4 34. Kf2 Bb2
(34... a4 35. Ke3) 35. Ke2 Bf6 36. Re3+ Kd5 37. Kd3 a4 38. Re4 Kc5 39. Rc4+ Kb5
40. Rc7 b3 41. axb3 Kb6 42. Rxf7 a3 43. Kc2 {Ftacnik,L} (43. Kc2 a2 44. Rxf6+
gxf6 45. Kb2 $18) 1-0